[Event "Rio de Janeiro masters op"]
[Site "Rio de Janeiro"]
[Date "1999.07.17"]
[Round "6"]
[White "Britto, Ricardo Marzullo"]
[Black "Assuncao, Herlon Carlos"]
[Result "1/2-1/2"]
[WhiteElo "2169"]
[BlackElo "1891"]
[PlyCount "132"]
[EventDate "1999.07.10"]
[EventType "swiss"]
[EventRounds "7"]
[EventCountry "BRA"]
[SourceTitle "EXT 2003"]
[Source "ChessBase"]
[SourceDate "2002.11.25"]
[SourceVersion "1"]
[SourceVersionDate "2002.11.25"]
[SourceQuality "1"]

1. Nf3 d5 2. g3 c6 3. Bg2 e6 4. d3 f5 5. 0-0 Nf6 6. Nbd2 Bd6 7. Re1 0-0 8. c3 Qe8 9. e4 fxe4 10. dxe4 Be7 11. Ne5 Nbd7 12. Nxd7 Qxd7 13. e5 Ne8 14. Nf3 Nc7 15. Qd3 b6 16. h4 a5 17. Be3 Ba6 18. Qc2 c5 19. Rad1 Qe8 20. g4 Qg6 21. Qxg6 hxg6 22. Ng5 Rad8 23. Kh2 Rd7 24. Kg3 Rfd8 25. Nh3 b5 26. a3 Rb8 27. b3 Rdd8 28. Bg5 Bxg5 29. Nxg5 b4 30. cxb4 axb4 31. a4 c4 32. Bf1 Rdc8 33. Rd4 cxb3 34. Bxa6 Nxa6 35. Nxe6 b2 36. Rxd5 Rc1 37. Rdd1 Rbc8 38. Ng5 Kf8 39. e6 Ke8 40. Nf7 Rxd1 41. Rxd1 Rc1 42. Rd7 Rc6 43. Rd1 Rxe6 44. Ng5 Rc6 45. Rb1 Rc2 46. Ne4 b3 47. Kf3 Nb4 48. Ke3 Ke7 49. Nd2 Nd5+ 50. Kd3 Ke6 51. a5 Nb4+ 52. Ke3 Kd7 53. f3 Kc6 54. Nxb3 Rc3+ 55. Kd4 Rxb3 56. Kc4 Rxf3 57. Kxb4 Rf4+ 58. Kc3 Rxg4 59. Rxb2 Rxh4 60. Rb6+ Kc7 61. Rxg6 Ra4 62. Rxg7+ Kb8 63. Rg5 Ka7 64. Kb3 Rh4 65. Rg6 Kb7 66. a6+ Ka7 1/2-1/2

[Event "Rio de Janeiro masters op"]
[Site "Rio de Janeiro"]
[Date "1999.07.15"]
[Round "4"]
[White "Rocha, Valdemir"]
[Black "Britto, Ricardo Marzullo"]
[Result "0-1"]
[WhiteElo "2132"]
[BlackElo "2169"]
[PlyCount "60"]
[EventDate "1999.07.10"]
[EventType "swiss"]
[EventRounds "7"]
[EventCountry "BRA"]
[SourceTitle "EXT 2003"]
[Source "ChessBase"]
[SourceDate "2002.11.25"]
[SourceVersion "1"]
[SourceVersionDate "2002.11.25"]
[SourceQuality "1"]

1. d4 Nf6 2. c4 g6 3. Nc3 Bg7 4. e4 d6 5. f4 0-0 6. h3 c5 7. d5 a6 8. a4 e6 9. Nf3 exd5 10. cxd5 Re8 11. Bd3 Nbd7 12. 0-0 c4 13. Bc2 Nc5 14. Re1 b6 15. Nd4 Bd7 16. g4 Kh8 17. Qf3 Nxd5 18. Nxd5 Bxd4+ 19. Be3 Bg7 20. f5 gxf5 21. exf5 f6 22. g5 Bc6 23. Bd4 Rxe1+ 24. Rxe1 Qg8 25. Re7 Bxd5 26. Qh5 Rf8 27. Kh2 Rf7 28. gxf6 Bf8 29. Qg6 hxg6 30. fxg6 Rxe7 0-1

[Event "Rio de Janeiro masters op"]
[Site "Rio de Janeiro"]
[Date "1999.07.10"]
[Round "1"]
[White "Britto, Ricardo Marzullo"]
[Black "Okamura, Milton Kasuo"]
[Result "1/2-1/2"]
[WhiteElo "2169"]
[BlackElo "2240"]
[PlyCount "77"]
[EventDate "1999.07.10"]
[EventType "swiss"]
[EventRounds "7"]
[EventCountry "BRA"]
[SourceTitle "EXT 2003"]
[Source "ChessBase"]
[SourceDate "2002.11.25"]
[SourceVersion "1"]
[SourceVersionDate "2002.11.25"]
[SourceQuality "1"]

1. Nf3 Nf6 2. g3 b6 3. Bg2 Bb7 4. 0-0 e6 5. d3 Be7 6. e4 d6 7. Nbd2 Nbd7 8. a4 a6 9. Nc4 0-0 10. h4 c5 11. Bd2 Qc7 12. Re1 Rfe8 13. e5 dxe5 14. Nfxe5 Bxg2 15. Kxg2 Nxe5 16. Nxe5 Nd5 17. Qg4 Bf6 18. Qe4 Rac8 19. c3 Red8 20. Rad1 g6 21. Ng4 Bg7 22. Bg5 Re8 23. Nh6+ Kh8 24. Qf3 f6 25. Bc1 Rcd8 26. d4 cxd4 27. Rxd4 Qe7 28. Red1 f5 29. Bg5 Qf8 30. Bxd8 Rxd8 31. c4 Bxd4 32. Rxd4 Qxh6 33. cxd5 Qg7 34. Rd2 Qe5 35. d6 Rxd6 36. Qa8+ Kg7 37. Rxd6 Qxd6 38. Qxa6 e5 39. Qc4 1/2-1/2

[Event "BRA-ch66 sf2"]
[Site "Brazil"]
[Date "1999.??.??"]
[Round "3"]
[White "Mercadante, Ricardo Rodrigues"]
[Black "Britto, Ricardo Marzullo"]
[Result "1-0"]
[WhiteElo "2295"]
[BlackElo "2169"]
[PlyCount "151"]
[EventDate "1999.??.??"]
[EventType "swiss"]
[EventRounds "9"]
[EventCountry "BRA"]
[SourceTitle "EXT 2000"]
[Source "ChessBase"]
[SourceDate "1999.11.16"]
[SourceVersion "1"]
[SourceVersionDate "1999.11.16"]
[SourceQuality "1"]

1. c4 e5 2. g3 g6 3. Bg2 Bg7 4. Nc3 Nf6 5. Nf3 d6 6. d4 Qe7 7. 0-0 0-0 8. e4 h6 9. Re1 a5 10. h3 Nc6 11. Be3 Kh7 12. b3 Ng8 13. Nd5 Qd8 14. dxe5 dxe5 15. Qd2 Be6 16. Rad1 Qc8 17. Kh2 Re8 18. Qc1 Bf8 19. a3 b6 20. Qb2 f6 21. Re2 Qb7 22. Ne1 Bc5 23. Nc2 Nce7 24. Bd2 Nc6 25. Bc3 Rad8 26. Red2 Qc8 27. b4 axb4 28. axb4 Bd6 29. Bf1 Nce7 30. Nce3 Nxd5 31. Nxd5 Bxd5 32. cxd5 h5 33. Bb5 Rf8 34. Kg2 Nh6 35. Bd3 Qd7 36. Ra1 Ra8 37. Rdd1 Nf7 38. h4 Rg8 39. Qe2 Nh6 40. Bb5 Qe7 41. Qd2 Nf7 42. Bc6 Rxa1 43. Rxa1 Nh6 44. b5 Nf7 45. Ra7 Nd8 46. Qa2 Nf7 47. Qa6 Rb8 48. Ra8 Rxa8 49. Qxa8 Qd8 50. Qxd8 Nxd8 51. f4 Nf7 52. Be8 Kg7 53. Kf3 Nh6 54. Bb2 Ng4 55. Bd7 Nh6 56. Be6 Kh7 57. g4 hxg4+ 58. Bxg4 Kg7 59. fxe5 fxe5 60. Be6 Kf8 61. Bc1 Kg7 62. Bg5 Nf7 63. Bxf7 Kxf7 64. Kg4 Kg7 65. h5 gxh5+ 66. Kxh5 Kf7 67. Kh6 Bc5 68. Bd8 Bd6 69. Kg5 Ke8 70. Bf6 Be7 71. Kf5 Kd7 72. Bxe7 Kxe7 73. Kxe5 Kd7 74. Kd4 Kd6 75. e5+ Ke7 76. Ke4 1-0